000 00718nam a22002177a 4500
005 20240530110928.0
008 220214s2008 ua g 000 p ara d
017 _bمصر. دار الكتب
_a2008/7164
020 _a9789776282063
040 _aEG-CaGPL
_cEG-CaGPL
082 0 4 _221
_a811.09\
_bإ ع
100 0 _aابراهيم سعدالدين
245 1 2 _aالعشق فى زمن المرايا :
_bشعر /
_cابراهيم سعدالدين
250 _aط. 1
260 _aالقاهرة :
_bمركز نهر النيل للنشر ،
_c2008
300 _a94 ص. ؛
_c20 سم.
650 0 7 _2qrmak
_aالشعر العربى
651 _2qrmak
942 _2ddc
_cBK
999 _c66609
_d66609